Statistics for Can you match the cast with the movie?

Click here to take the quiz!

General Stats

  • This quiz has been taken 995 times
  • The average score is 7 of 15

Answer Stats

HintAnswer% Correct
Sylvester Stallone, Jason Statham, Bruce WillisThe Expendables
74%
Michael Douglas, Sharon StoneBasic Instinct
64%
Jack Nicholson, Shelley DuvallThe Shining
61%
William H. Macy, Frances McDormandFargo
59%
Ben Stiller, Jack Black, Robert Downey Jr.Tropic Thunder
55%
Brad Pitt, Melanie Laurent, Christoph WaltzInglourious Basterds
54%
Leonardo DiCaprio, Ken WatanabeInception
48%
Jack Nicholson, Louise FletcherOne Flew Over the Cuckoo's Nest
46%
Peter Graves, Leslie NielsenAirplane!
46%
Nicolas Cage, Diane KrugerNational Treasure
39%
Susan Sarandon, Tim CurryThe Rocky Horror Picture Show
39%
Billy Crystal, Daniel SternCity Slickers
35%
Russell Crowe, Denzel WashingtonAmerican Gangster
29%
Chris Cooper, Matt DamonThe Bourne Identity
28%
Billy Crudup, Malin Akerman, Jackie Earle HaleyWatchmen
22%

Score Distribution

Percentile by Number Answered

Percent of People with Each Score

Your Score History

You have not taken this quiz